MyGZULibrary

Changing beliefs and an enduring faith : (Record no. 488)

MARC details
000 -LEADER
fixed length control field 01000nam a2200265 a 4500
001 - CONTROL NUMBER
control field 1594850
003 - CONTROL NUMBER IDENTIFIER
control field GZU
005 - DATE AND TIME OF LATEST TRANSACTION
control field 20200901144212.0
008 - FIXED-LENGTH DATA ELEMENTS--GENERAL INFORMATION
fixed length control field 930902s1993 rh a b 000 0 eng
010 ## - LIBRARY OF CONGRESS CONTROL NUMBER
LC control number 93982134
020 ## - INTERNATIONAL STANDARD BOOK NUMBER
International Standard Book Number 0869225391
040 ## - CATALOGING SOURCE
Original cataloging agency DLC
Transcribing agency DLC
050 00 - LIBRARY OF CONGRESS CALL NUMBER
Classification number BT1102
Item number .C65 1993
082 00 - DEWEY DECIMAL CLASSIFICATION NUMBER
Classification number 239
Edition number 20
100 1# - MAIN ENTRY--PERSONAL NAME
Personal name Cox, James L.
Fuller form of name (James Leland)
245 10 - TITLE STATEMENT
Title Changing beliefs and an enduring faith :
Remainder of title a reformulation of Christian beliefs in response for five major obstacles for faith /
Statement of responsibility, etc. by James L. Cox.
260 ## - PUBLICATION, DISTRIBUTION, ETC.
Place of publication, distribution, etc. Gweru, Zimbabwe :
Name of publisher, distributor, etc. Mambo Press,
Date of publication, distribution, etc. 1993.
300 ## - PHYSICAL DESCRIPTION
Extent xi, 211 p. :
Other physical details ill. ;
Dimensions 21 cm.
440 #0 - SERIES STATEMENT/ADDED ENTRY--TITLE
Title Religious and theological studies series ;
Volume/sequential designation 2
504 ## - BIBLIOGRAPHY, ETC. NOTE
Bibliography, etc. note Includes bibliographical references (p. 198-201) and index.
650 #0 - SUBJECT ADDED ENTRY--TOPICAL TERM
Topical term or geographic name entry element Apologetics.
906 ## - LOCAL DATA ELEMENT F, LDF (RLIN)
a 7
b cbc
c orignew
d 3
e ncip
f 19
g y-gencatlg
942 ## - ADDED ENTRY ELEMENTS (KOHA)
Source of classification or shelving scheme Library of Congress Classification
Koha item type Books
Classification part 1102
Item part COX
Call number prefix BT
Call number suffix 1993
Holdings
Withdrawn status Lost status Damaged status Not for loan Collection code Home library Current library Shelving location Date acquired Total Checkouts Full call number Barcode Date last seen Copy number Price effective from Koha item type Source of acquisition Inventory number
        Non-fiction City Campus Library City Campus Library General Stacks 09/01/2020   BT1102 COX 1993 02/1351 09/01/2020 c.1 09/01/2020 Books    
        Non-fiction Mashava Campus Library Mashava Campus Library General Stacks 05/05/2021   BR1360. COX 1993 G22877 05/05/2021 C.1 05/05/2021 Books Purchase G22877